Chansons de Ninho - Album M.I.L.S 2.0 - Statistiques

Statistiques générales
  • Ce quiz a été pris 29 fois
  • Le résultat moyen est 8 sur 14
Statistiques - réponses
Ordre dans l'album Chansons % Correct
01 M.I.L.S 2.0
88%
02 Fendi
76%
07 Un Poco
64%
08 44
60%
09 Bavard
60%
12 Vrais
60%
14 Bob
56%
06 Pavé
56%
05 Mama No Cry
48%
10 Chacun son tour
44%
04 Toutes options
44%
13 Violet
44%
03 PGP
40%
11 Coffrer
36%
Aucun quiz correspondant
Distribution des résultats
% des personnes avec chaque résultat
Percentile par nombre de réponses
Votre historique - résultats
Vous n’avez pas pris ce quiz